000 00539nam a2200169Ia 4500
005 20250423100028.0
008 250422s9999 xx 000 0 und d
020 _a0-- 07- 144463- 7
050 _aRC280.B8K33/
100 _aCarolyn M. Kaelin
245 0 _aLiving through breast cancer: what a Harvard doctor doctor and survivor wants you to know about getting the best care while preserving your self- image
260 _bMCGraw- Hill
260 _c2005
300 _a370 p
650 _abreast- cancer- popular works
942 _cBK
999 _c32067
_d32067